000 00533nam a22001457a 4500
020 _a978-1-4169-1094-7
082 _a823
_bDAV/Y
100 _aMATT, DAVE
245 _aYUCK
_bYUCK'S SLIME MONSTER
260 _aUK
_bSIMON & SCHUSTER LTD
_c2007
300 _a107
520 _aSummary. The plot of Yuck, A Love Story centres on a young boy named Austin, who is upset that a girl named Amy is moving into the house next door. Feigning disinterest in Amy, Austin nevertheless wants to impress her.
650 _aSHORT STORY
942 _cBK
999 _c5847
_d5847